| 000 | 00584nam a2200169Ia 4500 | ||
|---|---|---|---|
| 008 | 230917s9999||||xx |||||||||||||| ||und|| | ||
| 020 | _cRS300 | ||
| 040 |
_e227587 _aMAIN |
||
| 041 | _aEnglish | ||
| 082 | _a891.4317109 DH539:SN | ||
| 100 | _aनीलम सिंह | ||
| 245 | 0 | _aधूमिल की कविता में विरोध और संघर्ष | |
| 260 |
_aनई दिल्ली _bराधाकृष्ण प्रकाशन _c2014 |
||
| 300 | _a119 पृ. p. | ||
| 500 | _a2080 13/08/2015 RKP15/3933 22/08/2015 Main Budget | ||
| 942 | _cBK | ||
| 999 |
_c15561 _d15561 |
||